000 00341nam a2200133Ia 4500
008 240624s9999 xx 000 0 und d
041 _aeng
082 _a658.3 DSO
100 _aD SOUZA KEITH
245 _aEMPOWERING WORKERS THROUGH HUMAN RESOURC
260 _c2000
_bAllied Publishers
300 _axxiii, : 260p. ; 24cm.
365 _cRS
_b25
999 _c4305
_d4305